Financial Institution Instruments and Markets (Record no. 7222)

MARC details
000 -LEADER
fixed length control field 00404nam a2200157Ia 4500
008 - FIXED-LENGTH DATA ELEMENTS--GENERAL INFORMATION
fixed length control field 230312s9999||||xx |||||||||||||| ||und||
020 ## - INTERNATIONAL STANDARD BOOK NUMBER
International Standard Book Number 0-0747-1442-2
082 ## - DEWEY DECIMAL CLASSIFICATION NUMBER
Classification number 332.0994
Item number VIN-F
100 ## - MAIN ENTRY--PERSONAL NAME
Personal name Viney;Christopher
245 #0 - TITLE STATEMENT
Title Financial Institution Instruments and Markets
260 ## - PUBLICATION, DISTRIBUTION, ETC.
Name of publisher, distributor, etc. McGraw Hill
Place of publication, distribution, etc. Australia
Date of publication, distribution, etc. 2006
300 ## - PHYSICAL DESCRIPTION
Extent 735
546 ## - LANGUAGE NOTE
Language note Eng.
650 ## - SUBJECT ADDED ENTRY--TOPICAL TERM
Topical term or geographic name entry element Economics
Form subdivision Finance
942 ## - ADDED ENTRY ELEMENTS (KOHA)
Koha item type BOOK

No items available.

Powered by Koha